000 00552nam a2200205 a 4500
001 23710
003 CO-ViMGA
008 141112s2004 ck r 000 u spa d
020 _a9789583011375
040 _aCO-ViMGA
_bspa
_cCO-ViMGA
082 0 4 _aSAM
100 1 _aSamper, Veronica
_934289
245 1 0 _aEl gato tuerto y otras historias /
_cVeronica Samper
260 _aColombia :
_bpanAméricana
300 _a84p.
490 _aCorcel
650 1 4 _a2 : CUENTOS COLOMBIANOS
_934290
650 1 4 _aCUENTOS JUVENILES COLOMBIANOS
_99
942 _2ddc
_cBK
999 _c3127
_d3127